000 00434nam a2200169Ia 4500
008 090711s9999 xx 000 0 und d
082 _b11754
100 _aनांगरे बलराम
245 _aअंतर
260 _c1962
300 _a120
600 _aनांगरे बलराम
630 _aअंतर
700 _aनांगरे बलराम
730 _aअंतर
942 _cBOOK
999 _c312803
_d312803